We mean business : (Record no. 344502)
[ view plain ]
| 000 -LEADER | |
|---|---|
| fixed length control field | 00624 a2200181 4500 |
| 020 ## - INTERNATIONAL STANDARD BOOK NUMBER | |
| International Standard Book Number | 0582515432 |
| 020 ## - INTERNATIONAL STANDARD BOOK NUMBER | |
| International Standard Book Number | 9780582515437 |
| 090 ## - LOCALLY ASSIGNED LC-TYPE CALL NUMBER (OCLC); LOCAL CALL NUMBER (RLIN) | |
| -- | 1999 |
| -- | 1999 |
| 100 1# - MAIN ENTRY--PERSONAL NAME | |
| Personal name | Norman, Susan. |
| 245 10 - TITLE STATEMENT | |
| Title | We mean business : |
| Remainder of title | elementary course in business english : |
| -- | students' bk. / |
| Statement of responsibility, etc. | Susan Norman. |
| 260 ## - PUBLICATION, DISTRIBUTION, ETC. | |
| Place of publication, distribution, etc. | [S.l.] : |
| Name of publisher, distributor, etc. | Longman, |
| Date of publication, distribution, etc. | 1982. |
| 300 ## - PHYSICAL DESCRIPTION | |
| Extent | 144 p. |
| 500 ## - GENERAL NOTE | |
| General note | Import. |
| 500 ## - GENERAL NOTE | |
| General note | Paperback. |
| 856 40 - ELECTRONIC LOCATION AND ACCESS | |
| Materials specified | Amazon.com |
| Uniform Resource Identifier | <a href="http://www.amazon.com/exec/obidos/ASIN/0582515432/chopaconline-20">http://www.amazon.com/exec/obidos/ASIN/0582515432/chopaconline-20</a> |
| 856 40 - ELECTRONIC LOCATION AND ACCESS | |
| Materials specified | Amazon customer reviews |
| Uniform Resource Identifier | <a href="http://www.chopac.org/cgi-bin/tools/azrev.pl?q=0582515432">http://www.chopac.org/cgi-bin/tools/azrev.pl?q=0582515432</a> |
| 942 ## - ADDED ENTRY ELEMENTS (KOHA) | |
| Institution code [OBSOLETE] | NBS |
| Koha item type | Book |
| Call number prefix | 651.7 NOR |
| Withdrawn status | Lost status | Damaged status | Not for loan | Permanent Location | Current Location | Date acquired | Total Checkouts | Full call number | Barcode | Date last seen | Date last checked out | Price effective from | Koha item type | Public note |
|---|---|---|---|---|---|---|---|---|---|---|---|---|---|---|
| Write Off | Central Library (CL) | Central Library (CL) | 08/28/2013 | 1 | 651.7 NOR | NBS1308 | 07/02/2015 | 07/02/2015 | 08/28/2013 | Book | No:67/2004/NIMS, Dated:23 August 2004 |
